000 00330nmm a2200121 a 4500
003 AR-BaBNM
005 20251128204248.0
008 011101s[ca. ||||||||||||||000 | spa||
040 _cAR-BaBNM
245 1 0 _aHidrografía y balizamiento del Río de La Plata
_bMemoria de 1902-1904
260 _a[S.l.]
_b[s.n.]
_c[ca. 1900]
942 _cBK
999 _c6761
_d6761